00328nam a2200121Ia 4500008004100000020001800041041000800059082001100067100001500078245006800093260003700161300000800198230116s9999 xx 000 0 und d a9780727731029 aeng a720.47 aTelford T. aPlanning And Environmental Protection : A n Introductory Guide. bThomas Telford Publishing.c2002 a120